"Od techniky k rodine" medzinárodný neonatologický kongres a XIII. celoslovenská konferencia sestier pracujúcich v neonatológii : zborník abstraktov
| Corporate Authors: | , |
|---|---|
| Other Authors: | |
| Format: | Conference Proceeding Software eBook |
| Language: | Slovak Czech English |
| PhysicalDescription: | 1 elektronický optický disk (CD-ROM) 12 cm |
| Published: |
Bratislava
[A-medi management]
2015
|
| ISBN: | 9788089797073 (elektronická kniha) |
| Edition: | 1. vyd. |
| Subjects: |
MARC
| LEADER | 00000nam a2200000 a 4500 | ||
|---|---|---|---|
| 001 | vtls011466389 | ||
| 003 | SK-MaSNL | ||
| 005 | 20260301185750.0 | ||
| 007 | co bg auuua | ||
| 008 | 160113s2015 xo | fsa 100 0 slo | ||
| 015 | |a SNBS2017 | ||
| 020 | |a 9788089797073 (elektronická kniha) | ||
| 040 | |a SNK |b slo |c SNK |e AACR2 | ||
| 041 | 0 | |a slo |a cze |a eng | |
| 044 | |a xo |c SK | ||
| 072 | 7 | |a 616-053.2 |x Pediatria |2 konspekt | |
| 080 | |a 616-053.31 |2 2011 | ||
| 080 | |a 612.648 |2 2011 | ||
| 080 | |a 613.952 |2 2011 | ||
| 080 | |a (0.034.44) |2 2011 | ||
| 080 | |a (062.534) |2 2011 | ||
| 080 | |a (048.3) |2 2011 | ||
| 111 | 2 | |a Medzinárodný neonatologický kongres |d (2015 : |c Bratislava, Slovensko) |9 564123 | |
| 245 | 1 | 0 | |a "Od techniky k rodine" |h elektronický zdroj |b medzinárodný neonatologický kongres a XIII. celoslovenská konferencia sestier pracujúcich v neonatológii : zborník abstraktov |c [zostavovateľ: Darina Chovancová] |
| 250 | |a 1. vyd. | ||
| 260 | |a Bratislava |b [A-medi management] |c 2015 | ||
| 300 | |a 1 elektronický optický disk (CD-ROM) |c 12 cm | ||
| 500 | |a Názov z titulnej obrazovky | ||
| 516 | |a Textový dokument (zborník), súbor vo formáte pdf | ||
| 538 | |a Technické požiadavky: PDF prehliadač | ||
| 546 | |a Text čiast. angl., čes. | ||
| 650 | 0 | 7 | |a neonatológia |2 SNKPH |9 13410 |
| 650 | 0 | 7 | |a zdravotné sestry |2 SNKPH |9 70278 |
| 650 | 0 | 7 | |a Neonatology |2 SNKPHeng |9 330030 |
| 650 | 0 | 7 | |a Nurses |2 SNKPHeng |9 268414 |
| 655 | 7 | |a elektronické zdroje |2 SNKPH |9 90954 | |
| 655 | 7 | |a CD-ROM |2 SNKPH |9 70236 | |
| 655 | 7 | |a zborníky konferencií |2 SNKPH |9 70153 | |
| 655 | 7 | |a abstrakty |2 SNKPH |9 22516 | |
| 655 | 7 | |a Electronic resources |2 SNKPHeng |9 175546 | |
| 655 | 7 | |a Proceedings of conferences |2 SNKPHeng |9 265791 | |
| 655 | 7 | |a Abstracts |2 SNKPHeng |9 275616 | |
| 700 | 1 | |a Chovancová, Darina, |d 1956- |4 com |9 211660 | |
| 711 | 2 | |a Celoslovenská konferencia sestier pracujúcich v neonatológii |n (13. : |d 2015 : |c Bratislava, Slovensko) |9 564124 | |
| 919 | |a 978-80-89797-07-3 | ||
| 958 | |a MI | ||
| 999 | |c 865113 |d 867043 | ||
| 952 | |a SNK |b SNK |y PREZ |7 0 |p 17A1176904 |o snkSCDM 8005 |i snk2016/508 |8 0 |0 0 |1 0 |4 0 |d 2016-01-13 |l 0 |r 2026-02-24 05:24:28 |w 2026-02-24 | ||
| 952 | |t snkODT 616-053.2 |a SNKMST |b SNKMST |y PREZ |7 0 |p 17A1176930 |o snkSCDM 8005 D1 |i snk2016/509 |8 0 |0 0 |1 0 |4 0 |d 2016-01-13 |l 0 |r 2025-08-12 00:00:00 |w 2026-02-24 | ||


